Personnages de fiction en images - M - Statistiques

Statistiques générales
  • Ce quiz a été pris 88 417 fois
  • Le résultat moyen est 14 sur 20
Statistiques - réponses
Par images Réponse % Correct
Mario
100%
Mickey Mouse
99%
Marsupilami
97%
Marge Simpson
96%
Maya l'Abeille
92%
Mulan
92%
Milou
89%
Méduse
84%
Mary Poppins
83%
Mufasa
83%
Mowgli
82%
Maléfique
76%
Martine
71%
Minerva McGonagall
68%
Marty McFly
59%
Monica Geller
49%
Merida
45%
Morphéus
24%
Musclor
22%
Maestro
21%
Aucun quiz correspondant
Distribution des résultats
% des personnes avec chaque résultat
Percentile par nombre de réponses
Votre historique - résultats
Vous n’avez pas pris ce quiz